Portraits of Bible men. Third series (Record no. 5088)

000 -LEADER
fixed length control field 00693nam a2200205 a 4500
001 - CONTROL NUMBER
control field :::00002829$&:&@@
003 - CONTROL NUMBER IDENTIFIER
control field OkBaRHE
005 - DATE AND TIME OF LATEST TRANSACTION
control field 20000607103257.0
008 - FIXED-LENGTH DATA ELEMENTS--GENERAL INFORMATION
fixed length control field s1987 j 000 0 eng u
040 ## - CATALOGING SOURCE
Transcribing agency
100 1# - MAIN ENTRY--PERSONAL NAME
Personal name Matheson, George, 1842-1906.
245 10 - TITLE STATEMENT
Title Portraits of Bible men. Third series
Statement of responsibility, etc Foreword by Warren W. Wiersbe.
260 ## - PUBLICATION, DISTRIBUTION, ETC. (IMPRINT)
Place of publication, distribution, etc Grand Rapids, MI., :
Name of publisher, distributor, etc Kregel Publications
Date of publication, distribution, etc c1987
300 ## - PHYSICAL DESCRIPTION
Extent 377 p. ;
Dimensions 20 cm.
650 ## - SUBJECT ADDED ENTRY--TOPICAL TERM
Topical term or geographic name as entry element Bible Characters
650 ## - SUBJECT ADDED ENTRY--TOPICAL TERM
Topical term or geographic name as entry element Bible New Testament
General subdivision Biography
730 ## - ADDED ENTRY--UNIFORM TITLE
Uniform title Representative men of the New Testament.
942 ## - ADDED ENTRY ELEMENTS (KOHA)
Source of classification or shelving scheme
Koha item type Books
Copies
Copy number Date last seen Damaged status Withdrawn status Source of classification or shelving scheme Lost status Date acquired Price effective from Full call number Koha item type Permanent Location Not for loan Barcode Shelving location
12018-03-16    2010-04-142010-04-14BS 2430 .M3BooksRHEMA Bible Training College 2829General Stacks